Arrêts de la ligne de bus 132 - Statistiques

Statistiques générales
  • Ce quiz a été pris 18 fois
  • Le résultat moyen est 17 sur 35
Statistiques - réponses
Correspondances Réponses % Correct
Métro 7 Mairie d'Ivry
89%
Fort d'Ivry
78%
T3a Porte de Vitry
78%
RER C / Métro 14 Bibliothèque Chevaleret
67%
T7 Moulin Vert
67%
Voltaire
67%
(uniquement dans le sens BFM) Gymnase Auguste Delaune
56%
T9 Hotel de Ville de Vitry
56%
(uniquement dans le sens MV) Jean Le Galleu
56%
Ledru Rollin
56%
Louis Bertrand
56%
(uniquement dans le sens MV) Maurice Coutant
56%
Oudiné
56%
Patay - Tolbiac
56%
T3a Regnault
56%
Rue des Jardins
56%
Cité Jardin
44%
Exploradome
44%
Lavoisier - Carrieres
44%
(uniquement dans le sens MV) Lucien Selva
44%
Malraux - Charles Infroit
44%
Place de la liberté
44%
Solidarité - Amédée Huon
44%
Audigeois
33%
RER C / Métro 14 Bibliothèque François-Miterrand
33%
Camélinat
33%
Camille Risch
33%
Colonel Fabien
33%
Edouard Til
33%
Edouard Tremblay
33%
Eglise de Vitry
33%
Groupe scolaire Jean-Jacques Rousseau
33%
Julian Grimau - Voie Verte
33%
Paul Armangot
33%
Utrillo
33%
Aucun quiz correspondant
Distribution des résultats
% des personnes avec chaque résultat
Percentile par nombre de réponses
Votre historique - résultats
Vous n’avez pas pris ce quiz